| 000 | 00736cam a2200301ua 4500 | ||
|---|---|---|---|
| 020 | _c6.25 | ||
| 041 |
_aeng _h |
||
| 082 |
_a512 _bCHA/TE |
||
| 100 | _aChandrika , Prasad . | ||
| 245 |
_aText book on algebra and theory of equations / _cChandrika Prasad. _hTextual Documents |
||
| 250 |
_a6 / _b. |
||
| 260 |
_aAllahabad : _bPothishala Private Ltd. , _c1966. |
||
| 300 | _a296 ; . | ||
| 365 | _a6.25 | ||
| 504 | _a | ||
| 942 | _cBK | ||
| 999 |
_c9412 _d9412 |
||